Not Norman : (Record no. 49380)
| 000 -LEADER | |
|---|---|
| fixed length control field | 01314nam a2200193 4500 |
| 020 ## - INTERNATIONAL STANDARD BOOK NUMBER | |
| International Standard Book Number | 0763623849 |
| Qualifying information | alk. paper |
| 020 ## - INTERNATIONAL STANDARD BOOK NUMBER | |
| International Standard Book Number | 9780545163880 |
| 100 1# - MAIN ENTRY--PERSONAL NAME | |
| Personal name | Bennett, Kelly, |
| Relator term | author. |
| 9 (RLIN) | 86583 |
| 245 10 - TITLE STATEMENT | |
| Title | Not Norman : |
| Remainder of title | a goldfish story / |
| Statement of responsibility, etc | Kelly Bennett ; illustrated by Noah Z. Jones. |
| 260 ## - PUBLICATION, DISTRIBUTION, ETC. (IMPRINT) | |
| Place of publication, distribution, etc | Cambridge, Mass. : |
| Name of publisher, distributor, etc | Candlewick Press, |
| Date of publication, distribution, etc | 2005. |
| 300 ## - PHYSICAL DESCRIPTION | |
| Extent | 1 v. (unpaged) : |
| Other physical details | col. ill. ; |
| Dimensions | 28 cm. |
| 500 ## - GENERAL NOTE | |
| General note | Norman the goldfish isn’t what this little boy had in mind. He wanted a different kind of pet — one that could run and catch, or chase string and climb trees, a soft furry pet to sleep on his bed at night. Definitely not Norman. But when he tries to trade Norman for a "good pet," things don’t go as he planned. Could it be that Norman is a better pet than he thought? With wry humor and lighthearted affection, author Kelly Bennett and illustrator Noah Z. Jones tell an unexpected — and positively fishy — tale about finding the good in something you didn’t know<br/>you wanted. |
| 520 ## - SUMMARY, ETC. | |
| Summary, etc | As a boy attempts to convince someone else to take his disappointing pet, he learns to love Norman the goldfish himself. |
| 650 #1 - SUBJECT ADDED ENTRY--TOPICAL TERM | |
| Topical term or geographic name as entry element | Pets |
| Form subdivision | Fiction. |
| 650 #1 - SUBJECT ADDED ENTRY--TOPICAL TERM | |
| Topical term or geographic name as entry element | Goldfish |
| Form subdivision | Fiction. |
| 9 (RLIN) | 38653 |
| 650 #1 - SUBJECT ADDED ENTRY--TOPICAL TERM | |
| Topical term or geographic name as entry element | Friendship |
| Form subdivision | Fiction. |
| 700 1# - ADDED ENTRY--PERSONAL NAME | |
| Personal name | Jones, Noah |
| Fuller form of name | (Noah Z.), |
| Relator term | ill. |
| 9 (RLIN) | 86584 |
| 942 ## - ADDED ENTRY ELEMENTS (KOHA) | |
| Source of classification or shelving scheme | |
| Koha item type | Book |
| Withdrawn status | Lost status | Source of classification or shelving scheme | Damaged status | Not for loan | Home library | Current library | Date acquired | Total Checkouts | Full call number | Barcode | Date last seen | Price effective from | Koha item type |
|---|---|---|---|---|---|---|---|---|---|---|---|---|---|
| Logos International School | Logos International School | 08/21/2025 | E BEN | 042886 | 08/25/2025 | 08/21/2025 | Book |